|
|
|
|
| LEADER |
00000naa2a2200000 4500 |
| 001 |
183128 |
| 005 |
20251205104546.0 |
| 035 |
|
|
|a (RuTPU)RU\TPU\book\198508
|
| 090 |
|
|
|a 183128
|
| 100 |
|
|
|a 20100701d2004 k y0rusy50 ca
|
| 101 |
0 |
|
|a rus
|
| 102 |
|
|
|a RU
|
| 200 |
1 |
|
|a Метрологическое обеспечение индуктивных делителей напряжения
|f В. Л. Ким, В. Н. Дайнаков, И. В. Ометова
|
| 320 |
|
|
|a Библиогр.: 3 назв.
|
| 461 |
|
1 |
|0 (RuTPU)RU\TPU\book\66154
|t Современные техника и технологии
|o X Юбилейная международная научно-практическая конференция студентов, аспирантов и молодых ученых, посвященная 400-летию г. Томска, Томск, 29 марта - 2 апреля 2004 г.
|o труды
|f Томский политехнический университет
|d 2004
|
| 463 |
|
0 |
|0 (RuTPU)RU\TPU\book\65882
|t Т. 1
|v С. 112-113
|d 2004
|
| 610 |
1 |
|
|a напряжение
|
| 610 |
1 |
|
|a индуктивные делители
|
| 610 |
1 |
|
|a метрология
|
| 610 |
1 |
|
|a модели
|
| 610 |
1 |
|
|a измерение
|
| 610 |
1 |
|
|a переменный ток
|
| 610 |
1 |
|
|a эталоны
|
| 610 |
1 |
|
|a электрические модели
|
| 610 |
1 |
|
|a схемы
|
| 610 |
1 |
|
|a труды учёных ТПУ
|
| 700 |
|
1 |
|a Ким
|b В. Л.
|c специалист в области информатики и вычислительной техники
|c профессор Томского политехнического университета, доктор технических наук
|f 1950-
|g Валерий Львович
|3 (RuTPU)RU\TPU\pers\26478
|9 12180
|
| 701 |
|
1 |
|a Дайнаков
|b В. Н.
|
| 701 |
|
1 |
|a Ометова
|b И. В.
|
| 801 |
|
1 |
|a RU
|b 63413507
|c 20100701
|
| 801 |
|
2 |
|a RU
|b 63413507
|c 20140329
|g RCR
|
| 942 |
|
|
|c BK
|